Elementos de química orgánica / (Record no. 127320)

MARC details
000 -LEADER
campo de control de longitud fija 00804nam a2200229 i 4500
001 - NÚMERO DE CONTROL
campo de control 127320
003 - IDENTIFICADOR DE NÚMERO DE CONTROL
campo de control ES-MaACL
005 - FECHA Y HORA DE LA ÚLTIMA TRANSACCIÓN
campo de control 20250815113044.0
007 - CAMPO FIJO DE DESCRIPCIÓN FÍSICA--INFORMACIÓN GENERAL
campo de control de longitud fija t|
008 - DATOS DE LONGITUD FIJA--INFORMACIÓN GENERAL
campo de control de longitud fija 070214s1968 sp |||| | spa d
100 1# - ENTRADA PRINCIPAL--NOMBRE DE PERSONA
Nombre de persona Richards, John H.
9 (RLIN) 96920
245 10 - MENCIÓN DEL TÍTULO
Título Elementos de química orgánica /
Mención de responsabilidad, etc. John H. Richards, Donald J. Cram, George S. Hammond ; traducción y adaptación, J.A. Alonso Folgueras, F. J. Aguilar Bartolomé.
260 ## - PUBLICACIÓN, DISTRIBUCIÓN, ETC.
Lugar de publicación, distribución, etc. Madrid :
Nombre del editor, distribuidor, etc. Ed. del Castillo,
Fecha de publicación, distribución, etc. 1968.
300 ## - DESCRIPCIÓN FÍSICA
Extensión 476 p. :
Otras características físicas il. ;
Dimensiones 23 cm.
650 #7 - PUNTO DE ACCESO ADICIONAL DE MATERIA--TÉRMINO DE MATERIA
Término de materia o nombre geográfico como elemento de entrada Química orgánica
Fuente del encabezamiento o término embne
9 (RLIN) 136799
700 1# - ENTRADA AGREGADA--NOMBRE PERSONAL
Nombre de persona Cram, Donald J.
9 (RLIN) 41433
700 1# - ENTRADA AGREGADA--NOMBRE PERSONAL
Nombre de persona Hammond, George S.
9 (RLIN) 61682
700 1# - ENTRADA AGREGADA--NOMBRE PERSONAL
Nombre de persona Alonso Folgueras, J. A.
9 (RLIN) 20313
700 1# - ENTRADA AGREGADA--NOMBRE PERSONAL
Nombre de persona Aguilar Bartolomé, F. J.
9 (RLIN) 18711
852 ## - LOCALIZACIÓN
Ubicación ES-MaACL
Número de control de estantería C-34569
Holdings
Estatus retirado Estado de pérdida Estado de daño No para préstamo Biblioteca de origen Biblioteca actual Ubicación en estantería Fecha de adquisición Fuente de adquisición Total de préstamos Signatura topográfica completa Código de barras Visto por última vez Precio de reemplazo Tipo de ítem Koha
        Biblioteca del Ateneo de Madrid Biblioteca del Ateneo de Madrid Depósito 2 17/01/2008     C-34569 1132612 23/02/2023 23/02/2023 Libro impreso